Sir Alfred Ewing: A Pioneer in Physics and Engineering (Record no. 805)

000 -LEADER
fixed length control field 00396nam a2200145 4500
008 - FIXED-LENGTH DATA ELEMENTS--GENERAL INFORMATION
fixed length control field 191220b ||||| |||| 00| 0 eng d
082 00 - DEWEY DECIMAL CLASSIFICATION NUMBER
Classification number 926.2
Item number B3291
100 ## - MAIN ENTRY--PERSONAL NAME
9 (RLIN) 340
Personal name Bates, L. F.
245 10 - TITLE STATEMENT
Title Sir Alfred Ewing: A Pioneer in Physics and Engineering
250 ## - EDITION STATEMENT
Edition statement 1st ed.
260 ## - PUBLICATION, DISTRIBUTION, ETC. (IMPRINT)
Place of publication, distribution, etc London
Name of publisher, distributor, etc Longmans Green & Co.
Date of publication, distribution, etc 1946
300 ## - PHYSICAL DESCRIPTION
Extent 38 p.
650 #0 - SUBJECT ADDED ENTRY--TOPICAL TERM
Topical term or geographic name as entry element Biography
942 ## - ADDED ENTRY ELEMENTS (KOHA)
Source of classification or shelving scheme
Item type Books
Holdings
Withdrawn status Lost status Source of classification or shelving scheme Damaged status Not for loan Permanent location Current location Date acquired Full call number Barcode Date last seen Koha item type
          IMU Kolkata IMU Kolkata 1952-10-10 926.2 B3291 00318 2019-12-20 Books
          IMU Kolkata IMU Kolkata 1952-10-10 926.2 B3291 00319 2019-12-20 Books
          IMU Kolkata IMU Kolkata 1952-10-10 926.2 B3291 00320 2019-12-20 Books
          IMU Kolkata IMU Kolkata 1952-10-10 926.2 B3291 00321 2019-12-20 Books
Designed and Maintained by IMU-KC Library, Kolkata Campus © Copyright All Rights Reserved

webs counters

Powered by Koha